Relación de las fiestas que el Colegio Mayor de Santa María de Jesús Universidad Sevilla, hizo en la publicación de un estatuto en que se juró la concepción limpísima de Nuestra Señora sin mancha de pecado original (Record no. 136595)
[ view plain ]
| 000 -LEADER | |
|---|---|
| campo de control de longitud fija | 00894nam a2200205 i 4500 |
| 001 - NÚMERO DE CONTROL | |
| campo de control | 136595 |
| 003 - IDENTIFICADOR DE NÚMERO DE CONTROL | |
| campo de control | ES-MaACL |
| 005 - FECHA Y HORA DE LA ÚLTIMA TRANSACCIÓN | |
| campo de control | 20250820100133.0 |
| 007 - CAMPO FIJO DE DESCRIPCIÓN FÍSICA--INFORMACIÓN GENERAL | |
| campo de control de longitud fija | t| |
| 008 - DATOS DE LONGITUD FIJA--INFORMACIÓN GENERAL | |
| campo de control de longitud fija | 070214s1947 sp r ||||1| spa d |
| 100 1# - ENTRADA PRINCIPAL--NOMBRE DE PERSONA | |
| Nombre de persona | Sáez, Alfonso. |
| 9 (RLIN) | 101343 |
| 245 10 - MENCIÓN DEL TÍTULO | |
| Título | Relación de las fiestas que el Colegio Mayor de Santa María de Jesús Universidad Sevilla, hizo en la publicación de un estatuto en que se juró la concepción limpísima de Nuestra Señora sin mancha de pecado original |
| Resto del título | : escribióla en 1617 el Ldo. Alfonso Sáez. |
| 260 ## - PUBLICACIÓN, DISTRIBUCIÓN, ETC. | |
| Lugar de publicación, distribución, etc. | Sevilla : |
| Nombre del editor, distribuidor, etc. | Patronato de Cultura de la Diputación Provincial, |
| Fecha de publicación, distribución, etc. | 1947. |
| 300 ## - DESCRIPCIÓN FÍSICA | |
| Extensión | 35 p. ; |
| Dimensiones | 22 cm. |
| 534 ## - NOTA SOBRE LA VERSIÓN ORIGINAL | |
| Encabezamiento principal del original | Reprod. de la ed. de:, |
| Publicación, distribución, etc. del original | Sevilla : por Francisco de Lira, 1617. |
| 650 #7 - PUNTO DE ACCESO ADICIONAL DE MATERIA--TÉRMINO DE MATERIA | |
| Término de materia o nombre geográfico como elemento de entrada | Inmaculada Concepción |
| Fuente del encabezamiento o término | embne |
| 9 (RLIN) | 162762 |
| 650 #4 - PUNTO DE ACCESO ADICIONAL DE MATERIA--TÉRMINO DE MATERIA | |
| Término de materia o nombre geográfico como elemento de entrada | Fiestas religiosas- |
| Subdivisión geográfica | Sevilla. |
| 9 (RLIN) | 172877 |
| 852 ## - LOCALIZACIÓN | |
| Ubicación | ES-MaACL |
| Número de control de estantería | 1877-F-2 |
| Estatus retirado | Estado de pérdida | Estado de daño | No para préstamo | Colección | Biblioteca de origen | Biblioteca actual | Ubicación en estantería | Fecha de adquisición | Fuente de adquisición | Total de préstamos | Signatura topográfica completa | Código de barras | Visto por última vez | Precio de reemplazo | Tipo de ítem Koha |
|---|---|---|---|---|---|---|---|---|---|---|---|---|---|---|---|
| Colección de folletos | Biblioteca del Ateneo de Madrid | Biblioteca del Ateneo de Madrid | Depósito folletos | 17/01/2008 | 1877-F-2 | 1142157 | 23/02/2023 | 23/02/2023 | Folleto |
